|
|
|
|
| LEADER |
01328cas a2200241 a 4500 |
| 001 |
AALejournalIMF017753 |
| 008 |
230101c9999 xx r poo 0 0eng d |
| 020 |
|
|
|z 9781484306932
|
| 022 |
|
|
|a 0250-7501
|
| 040 |
|
|
|a BD-DhAAL
|c BD-DhAAL
|
| 110 |
2 |
|
|a International Monetary Fund.
|
| 240 |
1 |
0 |
|a Rapport annuel 2017 du Fonds monetaire international.
|l French
|
| 245 |
1 |
0 |
|a Rapport annuel 2017 du Fonds monetaire international.
|
| 264 |
|
1 |
|a Washington, D.C. :
|b International Monetary Fund,
|c 2017.
|
| 300 |
|
|
|a 1 online resource (114 pages)
|
| 490 |
1 |
|
|a Annual Report of the Executive Board
|
| 500 |
|
|
|a <strong>Off-Campus Access:</strong> No User ID or Password Required
|
| 500 |
|
|
|a <strong>On-Campus Access:</strong> No User ID or Password Required
|
| 506 |
|
|
|a Electronic access restricted to authorized BRAC University faculty, staff and students
|
| 520 |
3 |
|
|a Comment relancer la croissance mondiale en stimulant les echanges et la productivite, en reduisant les inegalites et en encourageant l'autonomisation economique des femmes ?
|
| 538 |
|
|
|a Mode of access: Internet
|
| 830 |
|
0 |
|a Annual Report of the Executive Board; Annual Report of the Executive Board ;
|v No. 2017/001
|
| 856 |
4 |
0 |
|z Full text available on IMF
|u http://elibrary.imf.org/view/books/011/23917-9781484306932-fr/23917-9781484306932-fr-book.xml
|z IMF e-Library
|